Fußball: Rekordnationalspieler Kroatien - Statistiken

Allgemein
  • Dieses Quiz wurde 214 mal gespielt
  • Das Durchschnittsergebnis liegt bei 12 aus 22
Antwortstatistiken
Debüt Spiele Tore Spieler % Korrekt
2006 175 25 Luka Modric
99%
2007 89 33 Mario Mandzukic
87%
1990 69 45 Davor Suker
83%
2011 131 33 Ivan Perisic
83%
1996 83 14 Niko Kovac
75%
1999 84 0 Robert Kovac
75%
2007 106 15 Ivan Rakitic
74%
2002 104 20 Ivica Olic
66%
2002 134 22 Darijo Srna
63%
2014 96 7 Marcelo Brozovic
61%
2013 101 5 Mateo Kovacic
60%
2010 105 4 Domagoj Vida
58%
2014 93 28 Andrej Kramaric
57%
2009 78 5 Dejan Lovren
53%
1999 114 0 Stipe Pletikosa
41%
2006 103 4 Vedran Corluka
36%
2001 105 3 Josip Simunic
27%
2004 62 29 Eduardo
24%
2014 63 10 Mario Pasalic
15%
1990 81 1 Robert Jarni
15%
2004 81 15 Niko Kranjcar
13%
1996 100 3 Dario Simic
9%
Keine übereinstimmenden Quizze gefunden
Verteilung der Resultate
Anzahl Personen mit jedem Resultat
Perzentil nach korrekt beantworteten Fragen
Ihre Resultats-Entwicklung
Sie haben dieses Quiz noch nicht gespielt